000 nam a22 a 4500
999 _c141536
_d141536
003 BLK
005 20230116111802.0
008 180409b bul|||||r ||||||| ||bul||
010 _aKNG00147607000
040 _aBLK
041 _aBUL
_cBUL
080 _aБългарска литература
_b821.163.2
_x-93-8
_z821.163.2-93-8
100 1 _aПантелеев, Димитър
_eпърви автор
_gМенкаджиев, Димитър Пантелеев
_9367299
139 _aПантелеев, Димитър
_bП 19
245 1 0 _aДомашен щурец
_bСб. за деца
_cДимитър Пантелеев; ил. Весела Бракалова; * Димитър Пантелеев Менкаджиев.
257 _aBGR
260 _bБълг. писател
_c1988
_aСофия
300 _a80 с.
_bс цв. ил.
_c22 см
380 _aDX
500 _aПълното име на авт. е Димитър Пантелеев Менкаджиев. - 50 111 тир.
700 1 _aБракалова, Весела
_eил.
_942862
700 1 _aМенкаджиев, Димитър Пантелеев
_e*
_9274881
852 _aЦб 261880
856 4 _qpdf
_i0.00
_ldisable
856 4 _qpdf
_i0.00
_ldisable
942 _cKNG
_n0
_s1
944 _aCR
_c29.07.2013
_l29.07.2013 - от С1,Р / 29.07.2013
_kСерджан_Ахмедов
944 _aED
_c15.09.2017
_l29.07.2013 - от С1,Р / 29.07.2013
_kЕлица_Владова
999 _d141536